000 00240nam a2200109Ia 4500
008 190216s9999||||xx |||||||||||||| ||und||
100 _aNil
245 0 _aGeometry Maths For Middle East
260 _bNull
650 _aGeometry
942 _cBK
999 _c30472
_d30472